Bologna inside : everything you need to know to make Bologna home /

Salvato in:
Dettagli Bibliografici
Ente Autore: <<The >>International Women's Forum
Natura: Libro
Lingua:inglese
Pubblicazione: Bologna : International Women's Forum-Bologna, c2001
Tags: Aggiungi Tag
Nessun Tag, puoi essere il primo ad aggiungerne!!

MARC

LEADER 00000nam a22000007i 4500
001 IT\ICCU\UBO\1555479
003 ItRI
005 20260115231837.0
008 020124s2001 it |||||| ||||| |||||c
020 |a 1884540589 
040 |b ita  |c importazione bologna sebina 
041 7 |a eng  |2 ISO-639-2 
245 0 0 |a Bologna inside :  |b everything you need to know to make Bologna home /  |c by the International Women's Forum in collaboration with talk aBOut magazine ; in cooperation with Haley's-Athol, Massacchussetts USA. 
260 |a Bologna :  |b International Women's Forum-Bologna,  |c c2001 
300 |a 135 p. :  |b ill. ;  |c 23 cm. 
710 2 |a <<The >>International Women's Forum  |0 IT\ICCU\UBOV\592064 
942 |2 ddc  |c BK  |n 0 
952 |0 0  |1 0  |4 0  |6 DOC_914_541000000000000_BOL  |7 0  |9 14047  |a BO  |b BO  |d 2026-01-15  |i 20848  |l 0  |o DOC 914.541 BOL  |p BO20848  |r 2026-01-15 23:18:37  |w 2026-01-15  |x [Sebina 7] [1 v.]  |y BK  |z 1 v. 
952 |0 0  |1 0  |4 0  |6 DOC_914_541000000000000_BOL  |7 0  |9 14048  |a BO  |b BO  |d 2026-01-15  |i 6223  |l 0  |o DOC 914.541 BOL  |p BO6223  |r 2026-01-15 23:18:37  |w 2026-01-15  |x [Sebina 5] [1 v.]  |y BK  |z 1 v. 
999 |c 12105  |d 12105